000 00765nam a2200205 i 4500
001 66145
003 ES-MaACL
005 20260210163244.0
007 t|
008 040128s1954 sp ||||1| spa d
100 1 _aGadea, Manuel.
_953190
245 1 0 _aTrigos españoles /
_cpor Manuel Gadea.
260 _aMadrid :
_bInstituto Nacional de Investigaciones Agronómicas,
_c1954 (
_fAltamira)
300 _aXV, 450 p., 80 lám. ;
_c24 cm.
500 _aPrecede al tít.: Ministerio de Agricultura. Dirección General de Agricultura.
710 2 _aInstituto Forestal de Investigaciones y Experiencias.
_95059
710 _aInstituto Nacional de Investigaciones Agronómicas
_c(España)
_9219222
852 _aES-MaACL
_jC-8710
_bR.36768
999 _c66145
_d66145